000 00699nam a22002177a 4500
003 UA-OsUOA
001 121724
007 ta
008 20170327b un ||||| |||| 00| 0 ukr d
100 _aПроценко С.
090 _a81
_bП84
942 _cSA
040 _aUA-OsUOA
_bukr
_cUA-OsUOA
_dUA-OsUOA
245 _aФормування самоосвітньої компетентності учнів на уроках української мови і літератури
300 _aС.11-17
955 _a0
041 _aukr
080 _a81
773 0 _w121722
650 7 _a8 Мовознавство. Художня література. Літературознавство
_2UDC
999 _c408152
_d408152